LEADER 07116oam 2200685I 450
001 9910791885503321
005 20230725020046.0
010 $a0-429-13067-8
010 $a1-4665-4746-4
010 $a1-4398-0988-7
024 7 $a10.1201/b10453
035 $a(CKB)2560000000058329
035 $a(EBL)665575
035 $a(OCoLC)706713292
035 $a(SSID)ssj0000474215
035 $a(PQKBManifestationID)11913285
035 $a(PQKBTitleCode)TC0000474215
035 $a(PQKBWorkID)10448679
035 $a(PQKB)11514194
035 $a(MiAaPQ)EBC665575
035 $a(Au-PeEL)EBL665575
035 $a(CaPaEBR)ebr10444365
035 $a(CaONFJC)MIL692864
035 $a(EXLCZ)992560000000058329
100 $a20180331d2010 uy 0
101 0 $aeng
135 $aur|n|---|||||
181 $ctxt
182 $cc
183 $acr
200 00$aVermiculture technology $eearthworms, organic wastes, and environmental management /$f[edited by] Clive A. Edwards, Norman Q. Arancon, Rhonda L. Sherman
210 1$aBoca Raton, Fla. :$cCRC Press,$d2010.
215 $a1 online resource (602 p.)
300 $aDescription based upon print version of record.
311 $a1-322-61582-9
311 $a1-4398-0987-9
320 $aIncludes bibliographical references.
327 $aFront Cover; Contents; Preface; Acknowledgments; Editors; Contributors; Chapter 1: Introduction, History, and Potential of Vermicomposting Technology; Chapter 2: Relationships between Composting and Vermicomposting; Chapter 3: Biology and Ecology of Earthworm Species Used for Vermicomposting; Chapter 4: Discovery and Development of New Species for Vermiculture; Chapter 5: The Microbiology of Vermicomposting; Chapter 6: Small-Scale School and Domestic Vermicomposting Systems; Chapter 7: Low-Technology Vermicomposting Systems; Chapter 8: Medium- and High-Technology Vermicomposting Systems
327 $aChapter 9: The Potential of Vermicomposts as Plant Growth Media for Greenhouse Crop ProductionChapter 10: The Use of Vermicomposts as Soil Amendments for Production of Field Crops; Chapter 11: The Production of Vermicompost Aqueous Solutions or Teas; Chapter 12: The Suppression of Plant Pathogens by Vermicomposts; Chapter 13: Use of Aqueous Extracts from Vermicomposts or Teas in Suppression of Plant Pathogens; Chapter 14: Suppression of Arthropod Pests and Plant Parasitic Nematodes by Vermicomposts and Aqueous Extracts from Vermicompos
327 $aChapter 15: The Use and Effects of Aqueous Extracts from Vermicomposts or Teas on Plant Growth and YieldsChapter 16: Human Pathogen Reduction during Vermicomposting; Chapter 17: Heavy Metals, Earthworms, and Vermicomposts; Chapter 18: Quality Criteria for Vermicomposts; Chapter 19: The Commercial Potential and Economics of Vermicomposting; Chapter 20: The Production of Earthworm Protein for Animal Feed from Organic Wastes; Chapter 21: The Use of Vermiculture for Land Improvement; Chapter 22: The Potential of Earthworms Produced from Organic Wastes in Production of Pharmaceuticals
327 $aChapter 23: The Status of Vermicomposting in North America: A Rapidly Developing TechnologyChapter 24: Vermicomposting for Businesses and Institutions; Chapter 25: New Developments and Insights on Vermicomposting in Spain; Chapter 26: Vermiculture and Vermicomposting in the United Kingdom; Chapter 27: Vermiculture in Australia and New Zealand: From Earthworm Production to Commercial Vermicomposting; Chapter 28: Origins and Spread of Vermicomposting in India: Focus on Sustainable Agriculture; Chapter 29: Vermiculture in the Philippines; Chapter 30: The Status of Vermicomposting in Indonesia
327 $aChapter 31: Vermicomposting Projects in Hong KongChapter 32: Vermicomposting Research and Activities in Mexico; Chapter 33: The Scope of Vermiculture in Cuba; Chapter 34: Commercial Applications of Vermiculture in China; Chapter 35: Progress in Vermicomposting in Belarus, Russia, and Ukraine; Back Cover
330 $aCo-edited by international earthworm expert Clive A. Edwards, Vermiculture Technology: Earthworms, Organic Wastes, and Environmental Management is the first international, comprehensive, and definitive work on how earthworms and microorganisms interact to break down organic wastes on a commercial basis. Many books cover the importance of composting for reducing the amount of organic wastes in landfills. This reference focuses on innovative vermiculture technology that turns organic waste into a value-added environmentally friendly products that can improve soil fertility and productivity on a large scale.
Chronicles more than two decades of growth and changes in earthworm composting technology
Based on the work of an outstanding international cast of scientists, the book explores the dramatic growth and changes in vermiculture technology since 1988 and assesses advances made in government-funded projects in the United States and United Kingdom. The contributors discuss outdoor and indoor windrows, container systems, wedge systems, and low labor-requirement, fully-automated continuous flow vermicomposting reactor systems that can process more than 1000 tons of organic wastes per reactor per annum. They also highlight the science and biology behind the use and efficacy of vermicomposting, examine its importance to developing countries, and detail the technology of the past, present, and future.Although the development of a range of vermicomposting technologies has been rapid and the spread of vermicomposting dramatic, the scientific literature remains scattered throughout a range of journals, newsletters, and online resources. As a compilation of information designed specifically to have an extended shelf life, this volume chronicles how vermiculture can be brought into full commercial and industrial development and find application in integrated waste management systems--$cProvided by publisher.
330 $aExploring the dramatic growth and changes in the field of vermicomposting since 1988, this comprehensive review assesses the advancements made in government-funded projects in the U.S. and UK. It discusses outdoor or indoor windows, container systems, wedge systems, and low labor-requirement, fully-automated continuous flow vermicomposting reactor systems that can process more than 1000 tons of organic wastes per reactor. It also highlights the science and biology behind the use and efficacy of vermicomposting and details the technology of the past, present, and future--$cProvided by publisher.
606 $aEarthworm culture
606 $aEarthworms
615 0$aEarthworm culture.
615 0$aEarthworms.
676 $a631.8/75
686 $aNAT010000$aTEC003000$2bisacsh
701 $aEdwards$b C. A$g(Clive Arthur),$f1925-$018930
701 $aArancon$b Norman Q$01486983
701 $aSherman$b Rhonda L$01486984
801 0$bMiAaPQ
801 1$bMiAaPQ
801 2$bMiAaPQ
906 $aBOOK
912 $a9910791885503321
996 $aVermiculture technology$93706667
997 $aUNINA
LEADER 02827nam 2200421z- 450
001 9910346016603321
005 20210211
010 $a989-26-1049-0
035 $a(CKB)4920000000093851
035 $a(oapen)https://directory.doabooks.org/handle/20.500.12854/47646
035 $a(oapen)doab47646
035 $a(EXLCZ)994920000000093851
100 $a20202102d2015 |y 0
101 0 $apor
135 $aurmn|---annan
181 $ctxt$2rdacontent
182 $cc$2rdamedia
183 $acr$2rdacarrier
200 00$aA filosofia transcendental e a sua cri?tica: idealismo - fenomenologia - hermene?utica
210 $cCoimbra University Press$d2015
215 $a1 online resource (398 p.)
225 1 $aIdeia
311 08$a989-26-1048-2
327 $aSobre as noc?o?es de lo?gica e de Anali?tica em Kant: algumas dificuldades para o a?mbito transcendental / Ce?sar Augusto Battisti -- Zweckma?ssigkeit (Conformidade a fins) e mecanicismo nos processos vitais: o antagonismo entre Kant e Roux / Wilson Antonio Frezzatti Jr. -- Harmonia e autonomia da apare?ncia em Schiller: o transcendental revisitado / Luciano Carlos Utteich -- Entre filosofia transcendental e diale?ctica: o percurso do idealismo Alema?o / Diogo Ferrer -- A relac?a?o entre o estado e o indivi?duo a partir da filosofia do direito de Hegel / Tarci?lio Ciotta -- Identidade e diferenc?a, expresso?es superficiais: sobre o "Uso da intuic?a?o" como fundamento da compreensa?o em Simmel / Reynner Franco -- Husserl/Fink: sobre os limites da transcendentalidade / Alberto Marcos Onate -- Hermene?utica da facticidade: contraprojeto a? fenomenologia transcendental? / Roberto S. Kahlmeyer-Mertens -- A leitura heideggeriana do tratado aristote?lico do tempo: um "caso" de fenomenologia / Libanio Cardoso -- A abordagem fenomenolo?gica de Heidegger ao conceito de vida e o comec?o da biopoli?tica / Alexandre Franco de Sa? -- A mordedura do real : Gabriel Marcel e o gesto transcendental / Claudinei Aparecido de Freitas da Silva -- Sobre o "verdadeiro transcendental", segundo M. Merleau-Ponty / Lui?s Anto?nio Umbelino -- Merleau-Ponty e Paul Ricoeur: aspetos de uma concorda?ncia discordante sobre a fenomenologia da linguagem / Maria Lui?sa Portocarrero.
330 $aSe a contemporaneidade filoso?fica nasceu com a cri?tica de Kant
517 $aFilosofia transcendental e a sua crÃtica
517 $aFilosofia transcendental e a sua crítica
606 $aPhilosophy$2bicssc
610 $aPortuguese
615 7$aPhilosophy
676 $a141/.3
701 2$aBattisti$b Cesare$f1954-$01372158
702 $aFerrer$b Diogo
702 $aUtteich$b Luciano
906 $aBOOK
912 $a9910346016603321
996 $aA filosofia transcendental e a sua cri?tica$93402200
997 $aUNINA